[Event "XLIV Memoriał Szachowy Ludwika Zamenhofa 2025, Grupa A"]
[Site "Białystok, Poland"]
[Date "2025.12.30"]
[Round "7.14"]
[White "Kulig, Pawel"]
[Black "Przybylski, Jan"]
[Result "1-0"]
[TimeControl "90'+30\""]
[WhiteElo "2172"]
[BlackElo "2152"]

1. e4 {[%clk 01:30:58]} {[%emt 00:00:01]} e6 {[%clk 01:29:25]} {[%emt
00:01:36]} 2. d4 {[%clk 01:31:09]} {[%emt 00:00:19]} d5 {[%clk 01:29:34]}
{[%emt 00:00:11]} 3. e5 {[%clk 01:31:35]} {[%emt 00:00:13]} c5 {[%clk
01:29:40]} {[%emt 00:00:24]} 4. c3 {[%clk 01:32:00]} {[%emt 00:00:05]} Nc6
{[%clk 01:30:01]} {[%emt 00:00:09]} 5. Nf3 {[%clk 01:32:24]} {[%emt 00:00:06]}
Bd7 {[%clk 01:30:04]} {[%emt 00:00:27]} 6. Be2 {[%clk 01:32:35]} {[%emt
00:00:19]} Nge7 {[%clk 01:29:28]} {[%emt 00:01:06]} 7. Na3 {[%clk 01:32:51]}
{[%emt 00:00:14]} cxd4 {[%clk 01:27:31]} {[%emt 00:02:28]} 8. cxd4 {[%clk
01:33:15]} {[%emt 00:00:05]} Nf5 {[%clk 01:27:18]} {[%emt 00:00:43]} 9. Nc2
{[%clk 01:33:37]} {[%emt 00:00:08]} Be7 {[%clk 01:25:10]} {[%emt 00:02:38]} 10.
O-O {[%clk 01:26:47]} {[%emt 00:07:20]} O-O {[%clk 01:24:14]} {[%emt 00:01:26]}
11. Bd3 {[%clk 01:21:34]} {[%emt 00:05:43]} f6 {[%clk 01:20:27]} {[%emt
00:04:17]} 12. Bxf5 {[%clk 01:21:06]} {[%emt 00:00:58]} exf5 {[%clk 01:20:51]}
{[%emt 00:00:07]} 13. Re1 {[%clk 01:19:48]} {[%emt 00:01:48]} Be8 {[%clk
01:17:26]} {[%emt 00:03:54]} 14. e6 {[%clk 01:14:05]} {[%emt 00:06:13]} Bd6
{[%clk 01:06:24]} {[%emt 00:11:32]} 15. Qd3 {[%clk 00:53:52]} {[%emt 00:20:43]}
f4 {[%clk 00:53:33]} {[%emt 00:13:21]} 16. Qb3 {[%clk 00:50:30]} {[%emt
00:03:51]} Ne7 {[%clk 00:49:19]} {[%emt 00:04:46]} 17. Nb4 {[%clk 00:47:43]}
{[%emt 00:03:16]} Qa5 {[%clk 00:35:21]} {[%emt 00:14:27]} 18. Bd2 {[%clk
00:38:06]} {[%emt 00:10:08]} Qb5 {[%clk 00:33:49]} {[%emt 00:02:03]} 19. a4
{[%clk 00:30:15]} {[%emt 00:08:21]} Qc4 {[%clk 00:26:42]} {[%emt 00:07:37]} 20.
Qd1 {[%clk 00:29:17]} {[%emt 00:01:27]} Qc7 {[%clk 00:20:10]} {[%emt 00:07:02]}
21. Nd3 {[%clk 00:28:10]} {[%emt 00:01:36]} b6 {[%clk 00:12:31]} {[%emt
00:08:10]} 22. Rc1 {[%clk 00:27:45]} {[%emt 00:00:55]} Qb8 {[%clk 00:12:35]}
{[%emt 00:00:26]} 23. Qb3 {[%clk 00:27:29]} {[%emt 00:00:46]} a5 {[%clk
00:12:05]} {[%emt 00:01:00]} 24. g3 {[%clk 00:25:53]} {[%emt 00:02:05]} fxg3
{[%clk 00:11:23]} {[%emt 00:01:13]} 25. hxg3 {[%clk 00:23:04]} {[%emt
00:03:19]} Bxg3 {[%clk 00:11:08]} {[%emt 00:00:45]} 26. Kg2 {[%clk 00:21:29]}
{[%emt 00:02:05]} Bd6 {[%clk 00:11:18]} {[%emt 00:00:21]} 27. Rh1 {[%clk
00:20:38]} {[%emt 00:01:20]} Bg6 {[%clk 00:05:57]} {[%emt 00:05:52]} 28. Nh4
{[%clk 00:20:57]} {[%emt 00:00:10]} Qb7 {[%clk 00:04:14]} {[%emt 00:02:13]} 29.
Nc5 {[%clk 00:17:01]} {[%emt 00:04:26]} Bxc5 {[%clk 00:03:44]} {[%emt
00:01:00]} 30. Nxg6 {[%clk 00:15:28]} {[%emt 00:02:03]} Nxg6 {[%clk 00:02:09]}
{[%emt 00:02:06]} 31. dxc5 {[%clk 00:15:00]} {[%emt 00:00:57]} Rfe8 {[%clk
00:01:31]} {[%emt 00:01:08]} 32. c6 {[%clk 00:09:17]} {[%emt 00:06:13]} Qe7
{[%clk 00:01:23]} {[%emt 00:00:39]} 33. Qxd5 {[%clk 00:09:15]} {[%emt
00:00:31]} Qxe6 {[%clk 00:00:56]} {[%emt 00:00:57]} 34. Qxe6+ {[%clk 00:08:45]}
{[%emt 00:01:00]} Rxe6 {[%clk 00:01:25]} 35. Be3 {[%clk 00:09:15]} Rc8 {[%clk
00:01:06]} {[%emt 00:00:49]} 36. c7 {[%clk 00:09:38]} {[%emt 00:00:06]} Ne7
{[%clk 00:00:41]} {[%emt 00:00:56]} 37. Rhd1 {[%clk 00:09:54]} {[%emt
00:00:14]} Kf7 {[%clk 00:00:51]} {[%emt 00:00:20]} 38. Rd8 {[%clk 00:09:27]}
{[%emt 00:00:57]} g5 {[%clk 00:00:34]} {[%emt 00:00:48]} 39. Bd4 {[%clk
00:08:40]} {[%emt 00:01:15]} h6 {[%clk 00:00:38]} {[%emt 00:00:27]} 40. b3
{[%clk 00:09:07]} {[%emt 00:00:03]} f5 {[%clk 00:00:34]} {[%emt 00:00:34]} 41.
Bb2 {[%clk 00:09:27]} {[%emt 00:00:09]} Rg6 {[%clk 00:00:34]} {[%emt 00:00:31]}
42. Ba3 {[%clk 00:09:40]} {[%emt 00:00:16]} Rg8 {[%clk 00:00:56]} {[%emt
00:00:09]} 43. Bxe7 {[%clk 00:10:02]} {[%emt 00:00:08]} Kxe7 {[%clk 00:01:23]}
{[%emt 00:00:03]} 44. Rxg8 {[%clk 00:10:26]} {[%emt 00:00:05]} 1-0

[Event "XLIV Memoriał Szachowy Ludwika Zamenhofa 2025, Grupa A"]
[Site "Białystok, Poland"]
[Date "2025.12.30"]
[Round "7.15"]
[White "Backiel, Hubert"]
[Black "Paprocki, Jaroslaw"]
[Result "1-0"]
[TimeControl "90'+30\""]
[WhiteElo "2258"]
[BlackElo "2096"]

1. Nf3 {[%clk 01:28:16]} {[%emt 00:02:32]} Nf6 {[%clk 01:27:15]} {[%emt
00:03:57]} 2. e3 {[%clk 01:28:25]} {[%emt 00:00:22]} g6 {[%clk 01:25:13]}
{[%emt 00:02:32]} 3. b3 {[%clk 01:28:13]} {[%emt 00:00:42]} Bg7 {[%clk
01:24:52]} {[%emt 00:00:50]} 4. Bb2 {[%clk 01:28:37]} {[%emt 00:00:06]} O-O
{[%clk 01:19:51]} {[%emt 00:05:32]} 5. Be2 {[%clk 01:28:44]} {[%emt 00:00:22]}
c5 {[%clk 01:19:34]} {[%emt 00:00:47]} 6. O-O {[%clk 01:26:58]} {[%emt
00:02:16]} b6 {[%clk 01:18:54]} {[%emt 00:01:11]} 7. d3 {[%clk 01:25:29]}
{[%emt 00:01:59]} d5 {[%clk 01:18:36]} {[%emt 00:00:48]} 8. Nbd2 {[%clk
01:24:50]} {[%emt 00:01:08]} Bb7 {[%clk 01:18:49]} {[%emt 00:00:17]} 9. Ne5
{[%clk 01:22:27]} {[%emt 00:02:54]} Nc6 {[%clk 01:13:46]} {[%emt 00:05:33]} 10.
f4 {[%clk 01:21:51]} {[%emt 00:01:05]} e6 {[%clk 01:11:12]} {[%emt 00:03:04]}
11. Nxc6 {[%clk 01:13:11]} {[%emt 00:09:10]} Bxc6 {[%clk 01:11:32]} {[%emt
00:00:09]} 12. Bf3 {[%clk 01:12:31]} {[%emt 00:01:11]} Rc8 {[%clk 01:05:57]}
{[%emt 00:06:05]} 13. Qe2 {[%clk 01:12:42]} {[%emt 00:00:20]} d4 {[%clk
01:00:15]} {[%emt 00:06:11]} 14. e4 {[%clk 01:09:17]} {[%emt 00:03:56]} e5
{[%clk 00:50:37]} {[%emt 00:10:08]} 15. f5 {[%clk 01:02:48]} {[%emt 00:06:57]}
b5 {[%clk 00:45:18]} {[%emt 00:05:51]} 16. Bg4 {[%clk 00:59:48]} {[%emt
00:03:29]} Bd7 {[%clk 00:43:48]} {[%emt 00:02:00]} 17. Bh3 {[%clk 01:00:03]}
{[%emt 00:00:15]} Bh6 {[%clk 00:36:44]} {[%emt 00:07:35]} 18. Nf3 {[%clk
00:58:36]} {[%emt 00:01:57]} Be3+ {[%clk 00:35:45]} {[%emt 00:01:29]} 19. Kh1
{[%clk 00:59:00]} {[%emt 00:00:06]} Qe7 {[%clk 00:35:58]} {[%emt 00:00:17]} 20.
Bc1 {[%clk 00:59:00]} {[%emt 00:00:29]} Bxc1 {[%clk 00:36:17]} {[%emt
00:00:11]} 21. Raxc1 {[%clk 00:59:27]} {[%emt 00:00:04]} gxf5 {[%clk 00:31:49]}
{[%emt 00:04:58]} 22. Bxf5 {[%clk 00:56:50]} {[%emt 00:03:06]} Bxf5 {[%clk
00:32:00]} {[%emt 00:00:20]} 23. exf5 {[%clk 00:57:15]} {[%emt 00:00:05]} Rfe8
{[%clk 00:26:45]} {[%emt 00:05:45]} 24. Ng5 {[%clk 00:44:00]} {[%emt 00:13:45]}
Kh8 {[%clk 00:20:25]} {[%emt 00:06:49]} 25. Rce1 {[%emt 00:03:36]} Rc7 {[%emt
00:00:01]} 26. Qf2 {[%clk 00:32:50]} {[%emt 00:08:03]} Qf8 {[%clk 00:19:16]}
{[%emt 00:01:40]} 27. Qh4 {[%clk 00:30:48]} {[%emt 00:02:31]} c4 {[%clk
00:10:01]} {[%emt 00:09:46]} 28. Nf3 {[%clk 00:18:48]} {[%emt 00:12:29]} Qd6
{[%clk 00:08:51]} {[%emt 00:01:40]} 29. Qh6 {[%clk 00:16:27]} {[%emt 00:02:51]}
cxd3 {[%clk 00:04:30]} {[%emt 00:04:51]} 30. cxd3 {[%clk 00:16:51]} {[%emt
00:00:07]} Ne4 {[%clk 00:04:08]} {[%emt 00:00:52]} 31. f6 {[%clk 00:16:06]}
{[%emt 00:01:15]} Qxf6 {[%clk 00:03:51]} {[%emt 00:00:46]} 32. Qh5 {[%clk
00:16:23]} {[%emt 00:00:13]} Nc5 {[%clk 00:01:49]} {[%emt 00:02:33]} 33. Nxe5
{[%clk 00:13:32]} {[%emt 00:03:21]} Rxe5 {[%clk 00:01:56]} {[%emt 00:00:23]} 34.
Qxe5 {[%clk 00:13:55]} {[%emt 00:00:07]} Qxe5 {[%clk 00:02:18]} {[%emt
00:00:08]} 35. Rxe5 {[%clk 00:14:22]} {[%emt 00:00:03]} Nxd3 {[%clk 00:02:42]}
{[%emt 00:00:05]} 36. Rd5 {[%clk 00:14:34]} {[%emt 00:00:18]} Nf4 {[%clk
00:02:30]} {[%emt 00:00:43]} 37. Rxd4 {[%clk 00:14:43]} {[%emt 00:00:20]} Ne6
{[%clk 00:02:55]} {[%emt 00:00:05]} 38. Rd2 {[%clk 00:14:18]} {[%emt 00:00:55]}
Kg7 {[%clk 00:03:08]} {[%emt 00:00:17]} 39. h3 {[%clk 00:14:42]} {[%emt
00:00:06]} Ng5 {[%clk 00:02:26]} {[%emt 00:01:12]} 40. Rf4 {[%clk 00:14:44]}
{[%emt 00:00:27]} f6 {[%clk 00:02:13]} {[%emt 00:00:44]} 41. Kh2 {[%clk
00:15:10]} {[%emt 00:00:04]} a6 {[%clk 00:02:22]} {[%emt 00:00:21]} 42. Rd6
{[%clk 00:15:24]} {[%emt 00:00:16]} a5 {[%clk 00:02:39]} {[%emt 00:00:13]} 43.
Rdxf6 {[%clk 00:15:25]} {[%emt 00:00:29]} h6 {[%clk 00:00:56]} {[%emt
00:02:13]} 44. Ra6 {[%clk 00:15:07]} {[%emt 00:00:49]} 1-0

[Event "XLIV Memoriał Szachowy Ludwika Zamenhofa 2025, Grupa A"]
[Site "Białystok, Poland"]
[Date "2025.12.30"]
[Round "7.16"]
[White "Obolonin, Filipp"]
[Black "Borowik, Wojciech"]
[Result "1/2-1/2"]
[TimeControl "90'+30\""]
[WhiteElo "2103"]
[BlackElo "2204"]

1. d4 {[%clk 01:30:50]} {[%emt 00:00:09]} Nf6 {[%clk 01:30:25]} {[%emt
00:00:32]} 2. Nf3 {[%clk 01:31:03]} {[%emt 00:00:21]} e6 {[%clk 01:30:40]}
{[%emt 00:00:14]} 3. g3 {[%clk 01:31:15]} {[%emt 00:00:18]} d5 {[%clk
01:30:50]} {[%emt 00:00:21]} 4. Bg2 {[%clk 01:31:40]} {[%emt 00:00:05]} b5
{[%clk 01:30:52]} {[%emt 00:00:28]} 5. O-O {[%clk 01:32:05]} {[%emt 00:00:05]}
Bb7 {[%clk 01:30:49]} {[%emt 00:00:33]} 6. a4 {[%clk 01:31:42]} {[%emt
00:00:53]} b4 {[%clk 01:31:05]} {[%emt 00:00:13]} 7. Ne5 {[%clk 01:31:01]}
{[%emt 00:01:11]} Be7 {[%clk 01:30:06]} {[%emt 00:01:30]} 8. c4 {[%clk
01:31:23]} {[%emt 00:00:08]} bxc3 {[%clk 01:29:58]} {[%emt 00:00:37]} 9. bxc3
{[%clk 01:31:49]} {[%emt 00:00:05]} c5 {[%clk 01:25:01]} {[%emt 00:05:26]} 10.
c4 {[%clk 01:30:48]} {[%emt 00:01:31]} O-O {[%clk 01:20:49]} {[%emt 00:04:42]}
11. Nc3 {[%clk 01:30:24]} {[%emt 00:00:55]} Nc6 {[%clk 01:11:30]} {[%emt
00:09:48]} 12. Nxc6 {[%clk 01:25:47]} {[%emt 00:05:07]} Bxc6 {[%clk 01:11:58]}
{[%emt 00:00:02]} 13. dxc5 {[%clk 01:25:55]} {[%emt 00:00:22]} Bxc5 {[%clk
01:11:11]} {[%emt 00:01:17]} 14. Bg5 {[%clk 01:13:55]} {[%emt 00:12:31]} Be7
{[%clk 01:07:03]} {[%emt 00:04:38]} 15. Rc1 {[%clk 01:13:33]} {[%emt 00:00:52]}
Ne4 {[%clk 00:52:47]} {[%emt 00:14:45]} 16. Bxe7 {[%clk 01:12:45]} {[%emt
00:01:19]} Qxe7 {[%clk 00:52:34]} {[%emt 00:00:42]} 17. cxd5 {[%clk 01:12:42]}
{[%emt 00:00:33]} Nxc3 {[%clk 00:51:56]} {[%emt 00:01:08]} 18. Rxc3 {[%clk
01:12:48]} {[%emt 00:00:24]} Bxd5 {[%clk 00:52:12]} {[%emt 00:00:14]} 19. Bxd5
{[%clk 01:13:02]} {[%emt 00:00:17]} exd5 {[%clk 00:52:33]} {[%emt 00:00:08]} 20.
Rd3 {[%clk 01:13:21]} {[%emt 00:00:11]} Rad8 {[%clk 00:50:56]} {[%emt
00:02:06]} 21. e3 {[%clk 01:12:20]} {[%emt 00:01:32]} Qc5 {[%clk 00:41:49]}
{[%emt 00:09:37]} 22. Qd2 {[%clk 01:11:23]} {[%emt 00:01:28]} Rd7 {[%clk
00:40:48]} {[%emt 00:01:31]} 23. Rd4 {[%clk 01:11:22]} {[%emt 00:00:30]} f5
{[%clk 00:31:13]} {[%emt 00:10:05]} 24. Rc1 {[%clk 01:10:36]} {[%emt 00:01:16]}
Qd6 {[%clk 00:31:09]} {[%emt 00:00:33]} 25. Qa5 {[%clk 01:10:20]} {[%emt
00:00:48]} Rfd8 {[%clk 00:29:58]} {[%emt 00:01:41]} 26. Rc5 {[%clk 01:10:32]}
{[%emt 00:00:18]} g6 {[%clk 00:28:29]} {[%emt 00:01:58]} 27. Rcxd5 {[%clk
01:09:46]} {[%emt 00:01:16]} Qxd5 {[%clk 00:28:49]} {[%emt 00:00:10]} 28. Rxd5
{[%clk 01:10:13]} {[%emt 00:00:03]} Rxd5 {[%clk 00:29:13]} {[%emt 00:00:06]} 29.
Qxa7 {[%clk 01:10:38]} {[%emt 00:00:05]} Rc8 {[%clk 00:21:32]} {[%emt
00:08:11]} 30. a5 {[%clk 01:07:50]} {[%emt 00:03:19]} Rd2 {[%clk 00:18:10]}
{[%emt 00:03:51]} 31. a6 {[%clk 01:06:53]} {[%emt 00:01:27]} Ra2 {[%clk
00:14:46]} {[%emt 00:03:54]} 32. Kg2 {[%clk 01:05:55]} {[%emt 00:01:28]} Rcc2
{[%clk 00:03:34]} {[%emt 00:11:43]} 33. e4 {[%clk 01:03:13]} {[%emt 00:03:12]}
fxe4 {[%clk 00:03:28]} {[%emt 00:00:35]} 34. Qe3 {[%clk 01:03:35]} {[%emt
00:00:08]} Re2 {[%clk 00:02:19]} {[%emt 00:01:39]} 35. Qb3+ {[%clk 01:01:53]}
{[%emt 00:02:12]} Kg7 {[%clk 00:02:48]} {[%emt 00:00:02]} 36. Qb7+ {[%clk
01:01:40]} {[%emt 00:00:43]} Kf6 {[%clk 00:01:05]} {[%emt 00:02:13]} 37. a7
{[%clk 00:59:42]} {[%emt 00:02:28]} Rxf2+ {[%clk 00:00:59]} {[%emt 00:00:36]}
38. Kh3 {[%clk 01:00:05]} {[%emt 00:00:05]} Rxh2+ {[%clk 00:00:33]} {[%emt
00:00:57]} 39. Kg4 {[%clk 01:00:25]} {[%emt 00:00:10]} h5+ {[%clk 00:00:35]}
{[%emt 00:00:29]} 40. Kf4 {[%clk 01:00:48]} {[%emt 00:00:07]} g5+ {[%clk
00:00:37]} {[%emt 00:00:28]} 41. Kxe4 {[%clk 00:56:38]} {[%emt 00:04:40]} Ra4+
{[%clk 00:00:50]} {[%emt 00:00:16]} 42. Ke3 {[%clk 00:56:03]} {[%emt 00:01:04]}
Ra3+ {[%clk 00:00:41]} {[%emt 00:00:40]} 43. Kd4 {[%clk 00:55:05]} {[%emt
00:01:27]} Rd2+ {[%clk 00:00:41]} {[%emt 00:00:31]} 44. Ke4 {[%clk 00:49:15]}
{[%emt 00:06:20]} Re2+ {[%clk 00:01:05]} {[%emt 00:00:05]} 45. Kd4 {[%clk
00:49:41]} {[%emt 00:00:05]} Ra4+ {[%clk 00:00:49]} {[%emt 00:00:46]} 46. Kd3
{[%clk 00:50:01]} {[%emt 00:00:09]} Rea2 {[%clk 00:00:59]} {[%emt 00:00:21]} 47.
Qf3+ {[%clk 00:50:00]} {[%emt 00:00:31]} Kg6 {[%clk 00:00:38]} {[%emt
00:00:52]} 48. Qc6+ {[%clk 00:50:17]} {[%emt 00:00:12]} Kf5 {[%clk 00:00:38]}
{[%emt 00:00:22]} 49. Qd7+ {[%clk 00:50:07]} {[%emt 00:00:47]} Kf6 {[%clk
00:00:39]} {[%emt 00:00:29]} 1/2-1/2

[Event "XLIV Memoriał Szachowy Ludwika Zamenhofa 2025, Grupa A"]
[Site "Białystok, Poland"]
[Date "2025.12.30"]
[Round "7.17"]
[White "Butkiewicz, Jan"]
[Black "Kaczmarek, Arkadiusz"]
[Result "1/2-1/2"]
[TimeControl "90'+30\""]
[WhiteElo "2199"]
[BlackElo "2062"]

1. d4 {[%clk 01:30:50]} {[%emt 00:00:09]} d5 {[%clk 01:30:49]} {[%emt
00:00:12]} 2. c4 {[%clk 01:31:16]} {[%emt 00:00:04]} e6 {[%clk 01:31:06]}
{[%emt 00:00:13]} 3. Nc3 {[%clk 01:31:40]} {[%emt 00:00:06]} Nf6 {[%clk
01:31:11]} {[%emt 00:00:24]} 4. Bg5 {[%clk 01:32:02]} {[%emt 00:00:08]} Nbd7
{[%clk 01:28:43]} {[%emt 00:02:58]} 5. cxd5 {[%clk 01:32:08]} {[%emt 00:00:26]}
exd5 {[%clk 01:29:00]} {[%emt 00:00:12]} 6. e3 {[%clk 01:32:34]} {[%emt
00:00:04]} c6 {[%clk 01:23:44]} {[%emt 00:05:45]} 7. Nf3 {[%clk 01:33:02]}
{[%emt 00:00:04]} Be7 {[%clk 01:23:51]} {[%emt 00:00:22]} 8. Bd3 {[%clk
01:33:25]} {[%emt 00:00:07]} O-O {[%clk 01:23:46]} {[%emt 00:00:34]} 9. O-O
{[%clk 01:33:45]} {[%emt 00:00:10]} Nh5 {[%clk 01:21:50]} {[%emt 00:02:26]} 10.
Bxe7 {[%clk 01:33:14]} {[%emt 00:01:02]} Qxe7 {[%clk 01:22:17]} {[%emt
00:00:02]} 11. Re1 {[%clk 01:32:33]} {[%emt 00:01:12]} Nhf6 {[%clk 01:18:07]}
{[%emt 00:04:40]} 12. Qc2 {[%clk 01:31:59]} {[%emt 00:01:05]} g6 {[%clk
01:18:09]} {[%emt 00:00:26]} 13. Rab1 {[%clk 01:21:16]} {[%emt 00:11:14]} a5
{[%clk 01:18:01]} {[%emt 00:00:38]} 14. a3 {[%clk 01:21:22]} {[%emt 00:00:24]}
Re8 {[%clk 01:14:52]} {[%emt 00:03:40]} 15. e4 {[%clk 00:56:30]} {[%emt
00:25:22]} dxe4 {[%clk 01:13:40]} {[%emt 00:01:40]} 16. Nxe4 {[%clk 00:56:16]}
{[%emt 00:00:45]} Nxe4 {[%clk 01:10:37]} {[%emt 00:03:32]} 17. Rxe4 {[%clk
00:55:39]} {[%emt 00:01:07]} Qd8 {[%clk 01:10:41]} {[%emt 00:00:26]} 18. Rxe8+
{[%clk 00:55:18]} Qxe8 {[%clk 01:11:09]} {[%emt 00:00:55]} 19. Re1 {[%clk
00:41:55]} {[%emt 00:13:51]} Qd8 {[%clk 01:04:42]} {[%emt 00:06:58]} 20. Bc4
{[%clk 00:41:10]} {[%emt 00:01:15]} Nb6 {[%clk 01:02:41]} {[%emt 00:02:31]} 21.
Ba2 {[%clk 00:40:58]} {[%emt 00:00:43]} Bf5 {[%clk 00:54:45]} {[%emt 00:08:25]}
22. Qc5 {[%clk 00:35:13]} {[%emt 00:06:15]} Nd5 {[%clk 00:50:37]} {[%emt
00:04:38]} 23. Bxd5 {[%clk 00:24:18]} {[%emt 00:11:25]} cxd5 {[%clk 00:29:16]}
{[%emt 00:21:50]} 24. Qb5 {[%clk 00:24:20]} {[%emt 00:00:28]} Rc8 {[%clk
00:26:16]} {[%emt 00:03:30]} 25. h3 {[%clk 00:21:14]} {[%emt 00:03:36]} Be4
{[%clk 00:18:16]} {[%emt 00:08:31]} 26. Nd2 {[%clk 00:07:04]} {[%emt 00:14:40]}
Bxg2 {[%clk 00:18:27]} {[%emt 00:00:18]} 27. Kxg2 {[%clk 00:07:30]} {[%emt
00:00:04]} Qg5+ {[%clk 00:18:43]} {[%emt 00:00:13]} 28. Kf1 {[%clk 00:07:48]}
{[%emt 00:00:13]} Qxd2 {[%clk 00:18:59]} {[%emt 00:00:14]} 29. Re8+ {[%clk
00:08:15]} {[%emt 00:00:03]} Rxe8 {[%clk 00:19:15]} {[%emt 00:00:14]} 30. Qxe8+
{[%clk 00:08:41]} {[%emt 00:00:04]} Kg7 {[%clk 00:19:34]} {[%emt 00:00:11]} 31.
Qe5+ {[%clk 00:09:07]} {[%emt 00:00:04]} Kh6 {[%clk 00:16:52]} {[%emt
00:03:11]} 32. Qxd5 {[%clk 00:09:33]} {[%emt 00:00:05]} Qxb2 {[%clk 00:16:55]}
{[%emt 00:00:27]} 33. Qd6 {[%clk 00:07:49]} {[%emt 00:02:13]} Qc1+ {[%clk
00:13:32]} {[%emt 00:03:54]} 34. Ke2 {[%clk 00:07:43]} {[%emt 00:00:32]} Qc2+
{[%clk 00:13:44]} {[%emt 00:00:21]} 35. Ke3 {[%clk 00:06:05]} {[%emt 00:02:07]}
Qc3+ {[%clk 00:13:28]} {[%emt 00:00:47]} 36. Ke4 {[%clk 00:03:54]} {[%emt
00:02:42]} Qc2+ {[%clk 00:10:43]} {[%emt 00:03:15]} 37. Ke3 {[%clk 00:02:20]}
{[%emt 00:02:03]} Qc3+ {[%clk 00:05:02]} {[%emt 00:06:12]} 38. Ke4 {[%clk
00:02:45]} {[%emt 00:00:05]} Qc2+ {[%clk 00:05:21]} {[%emt 00:00:12]} 39. Ke3
{[%clk 00:03:10]} {[%emt 00:00:04]} 1/2-1/2